000 00566nam a2200205Ia 4500
003 OSt
005 20220918105440.0
006 a|||||r|||| 00| 0
007 ta
008 220915b |||||||| |||| 00| 0 eng d
024 _a94,318
037 _cReference Collections
040 _aARTS
_cARTS
_beng
041 _2eng
_aeng
082 _aV44Q768:7.N58t, K2(RR)
245 0 _aReports on the campaigns 1956-1958 in swat (Pakistan)
260 _c1962
942 _hV44Q768:7.N58t, K2(RR)
_cREF
999 _c107359
_d107359